Tourism market trends. Europe final edition.

Bibliographic Details
Corporate Author: World Tourism Organization
Format: Book
Language:English
Published: Madrid : WTO, [2006]
Edition:2005 ed.
Subjects:

MARC

Tag First Indicator Second Indicator Subfields
LEADER 00000cam a2200000Ia 4500
001 in00002199813
005 20151104140744.0
008 060726s2006 sp a s 000 0 eng d
020 |a 9284411106 
024 3 |a 9789284411108 
029 0 |a NLGGC  |b 296583456 
029 1 |a YDXCP  |b 2443237 
035 |a (OCoLC)ocm71677080 
035 |a (OCoLC)71677080 
040 |a NLGGC  |c NLGGC  |d U3G  |d BAKER  |d YDXCP  |d UtOrBLW 
049 |a TXAM 
050 4 |a G155  |b .E85 2006 
245 0 0 |a Tourism market trends.  |p Europe final edition. 
246 3 |a Europe 
246 3 |a Europe :  |b final edition 
250 |a 2005 ed. 
264 1 |a Madrid :  |b WTO,  |c [2006] 
264 4 |c ©2006 
300 |a 327, 32 pages :  |b illustrations ;  |c 30 cm. 
336 |a text  |b txt  |2 rdacontent 
337 |a unmediated  |b n  |2 rdamedia 
338 |a volume  |b nc  |2 rdacarrier 
650 0 |a Tourism  |z Europe  |v Statistics. 
650 0 |a Marketing  |z Europe  |v Statistics. 
710 2 |a World Tourism Organization. 
938 |a Baker & Taylor  |b BKTY  |c 105.00  |d 105.00  |i 9284411106  |n 0006850213  |s active 
938 |a YBP Library Services  |b YANK  |n 2443237 
945 |a PromptCat  |b 59551 
946 |a stk 
947 |a A14835521169 
948 |a cataloged  |b h  |c 2007/2/14  |d c  |e dmartine  |f 5:47:05 pm 
994 |a 92  |b TXA 
999 |a MARS 
999 f f |s a58598e5-2ae1-3f86-a3b3-5bdedd40108e  |i a59c81c3-025b-3c08-9550-ac1b912164bc  |t 0 
952 f f |p ric  |a Texas A&M University  |b Rellis Campus  |c Joint Library Facility  |d Remote Storage  |t 0  |e G155 .E85 2006  |h Library of Congress classification  |i unmediated -- volume  |m A14835521169 
998 f f |a G155 .E85 2006  |t 0  |l Remote Storage